| 000 | 00373nam a22001577a 4500 | ||
|---|---|---|---|
| 005 | 20250922144217.0 | ||
| 008 | 250922b |||||||| |||| 00| 0 eng d | ||
| 082 |
_a891.4 _bNAG-M |
||
| 100 | _aNighata Hashmi | ||
| 245 | _aMian Azad Hn / | ||
| 260 |
_apakistn: _belsevier; _c2020. |
||
| 300 |
_a320 p. : _c24 cm. |
||
| 650 | _aUrdu Litreature | ||
| 999 |
_c37108 _d37108 |
||